000 00388nam a2200145Ia 4500
008 230917s9999||||xx |||||||||||||| ||und||
040 _e42012
_aMAIN
041 _aEnglish
082 _a811.09 D719C
100 _aDonoghue, Denis
245 0 _aConnoisseurs of chaos: Ideas of order in modern America poetry
260 _aLondon
_bFaber and Faber
_c1966
300 _a253 p.
942 _cBK
999 _c38334
_d38334